Laporan PPM R023/2025 : Development Of Waste Treatment Technology From Non Radioactive-Rare Earth Element (NR-REE) Processing Plant (Waste Water Treatment Development Of Alum Crystal) , Disember 2025 / (Record no. 27203)
[ view plain ]
| 000 -LEADER | |
|---|---|
| fixed length control field | 01141nam a22002177a 4500 |
| 001 - CONTROL NUMBER | |
| control field | 0000000887 |
| 003 - CONTROL NUMBER IDENTIFIER | |
| control field | PPM |
| 005 - DATE AND TIME OF LATEST TRANSACTION | |
| control field | 20260417114226.0 |
| 008 - FIXED-LENGTH DATA ELEMENTS--GENERAL INFORMATION | |
| fixed length control field | 260417b ||||| |||| 00| 0 eng d |
| 035 ## - SYSTEM CONTROL NUMBER | |
| System control number | 0000000887 |
| 040 ## - CATALOGING SOURCE | |
| Original cataloging agency | PPM |
| Language of cataloging | Eng |
| Transcribing agency | Pusat Penyelidikan Mineral, Jabatan Mineral Dan Geosains Malaysia |
| Modifying agency | PPM |
| Description conventions | RDA |
| 100 1# - MAIN ENTRY--PERSONAL NAME | |
| Personal name | Ahmad Firdaus b. Shamsul Baharin |
| Relator term | author |
| 245 10 - TITLE STATEMENT | |
| Title | Laporan PPM R023/2025 : Development Of Waste Treatment Technology From Non Radioactive-Rare Earth Element (NR-REE) Processing Plant (Waste Water Treatment Development Of Alum Crystal) , Disember 2025 / |
| Statement of responsibility, etc. | by Ahmad Firdaus b. Shamsul Baharin, Norinsafrina bt. Mustaffa Kamal, Ahmad Amirul Aiman b. Mohd Safie, Mohd Syahrir b. Mohd Rozi |
| 260 #1 - PUBLICATION, DISTRIBUTION, ETC. | |
| Place of publication, distribution, etc. | Perak : |
| Name of publisher, distributor, etc. | Pusat Penyelidikan Mineral, Jabatan Mineral Dan Geosains Malaysia , |
| Date of publication, distribution, etc. | 2025 |
| 300 00 - PHYSICAL DESCRIPTION | |
| Extent | vii, 28 pages .: |
| Other physical details | some colour, illustrations .; |
| Dimensions | 29 cm |
| 504 ## - BIBLIOGRAPHY, ETC. NOTE | |
| Bibliography, etc. note | Includes bibliographical references |
| 700 1# - ADDED ENTRY--PERSONAL NAME | |
| Personal name | Norinsafrina bt. Mustaffa Kamal |
| Relator term | joint author |
| 700 1# - ADDED ENTRY--PERSONAL NAME | |
| Personal name | Ahmad Amirul Aiman b. Mohd Safie |
| Relator term | joint author |
| 700 1# - ADDED ENTRY--PERSONAL NAME | |
| Personal name | Mohd Syahrir b. Mohd Rozi |
| Relator term | joint author |
| 942 ## - ADDED ENTRY ELEMENTS (KOHA) | |
| Source of classification or shelving scheme | |
| Koha item type | Reports |
| Withdrawn status | Lost status | Source of classification or shelving scheme | Damaged status | Not for loan | Collection code | Permanent Location | Current Location | Shelving location | Date acquired | Total Checkouts | Date last seen | Price effective from | Koha item type |
|---|---|---|---|---|---|---|---|---|---|---|---|---|---|
| Available | Report | PPM | PPM | Report | 17/04/2026 | 17/04/2026 | 17/04/2026 | Reports |